Tuyển tập đề trắc nghiệm ôn luyện thi tốt nghiệp Trung học phổ thông và tuyển sinh Cao đẳng, Đại học môn Sinh học

Sách đề cập tới các vấn đề ôn tập kiến thức cơ bản trong chương trình, các đề thi theo chương trình phân ban và không phân ban.

Đã lưu trong:
书目详细资料
主要作者: Vũ, Đức Lưu
格式: 图书
语言:Undetermined
出版: Hà Nội Giáo dục 2008
主题:
标签: 添加标签
没有标签, 成为第一个标记此记录!
Thư viện lưu trữ: Trung tâm Học liệu Trường Đại học Cần Thơ
LEADER 00920nam a2200217Ia 4500
001 CTU_183938
008 210402s9999 xx 000 0 und d
020 |c 28000 
082 |a 570.76 
082 |b L566 
100 |a Vũ, Đức Lưu 
245 0 |a Tuyển tập đề trắc nghiệm ôn luyện thi tốt nghiệp Trung học phổ thông và tuyển sinh Cao đẳng, Đại học môn Sinh học 
245 0 |c Vũ Đức Lưu 
260 |a Hà Nội 
260 |b Giáo dục 
260 |c 2008 
520 |a Sách đề cập tới các vấn đề ôn tập kiến thức cơ bản trong chương trình, các đề thi theo chương trình phân ban và không phân ban. 
650 |a Biology,Sinh học 
650 |x Study and teaching,Dạy và học 
904 |i Hải 
980 |a Trung tâm Học liệu Trường Đại học Cần Thơ